[Event "XVII C.to Mondiale seniores"]
[Site "Gmunden AUT"]
[Date "2007.09.24"]
[Round "7"]
[White "Butnorius, Algimantas"]
[Black "Rosino, Antonio"]
[Result "1-0"]
[WhiteElo "2394"]
[BlackElo "2275"]
[PlyCount "93"]
[EventDate "2007.09.17"]

1. c4 e5 2. Nc3 Nf6 3. g3 c6 4. Nf3 e4 5. Nd4 d5 6. cxd5 Qb6 7. Nc2 Bc5 8. Ne3
cxd5 9. Na4 Qc6 10. Nxc5 Qxc5 11. d4 exd3 12. Qxd3 Nc6 13. Bg2 d4 14. Qc4 Qb6
15. Nc2 Bd7 16. O-O Rd8 17. Bg5 O-O 18. Rfd1 Be6 19. Qa4 Bd5 20. Bxf6 gxf6 21.
Qa3 Rfe8 22. Bxd5 Rxd5 23. Qf3 Rd6 24. Qg4+ Kh8 25. Qf4 Rde6 26. b3 Kg7 27.
Nxd4 Nxd4 28. Rxd4 Rxe2 29. Rd6 Qc5 30. Qxf6+ Kg8 31. Rad1 Qe5 32. Qf3 Rxa2 33.
Rd7 Rf8 34. Rxb7 Ra1 35. Rxa1 Qxa1+ 36. Kg2 Qd4 37. h4 h6 38. Rc7 a5 39. Qf5
Qb6 40. Rc4 Rb8 41. Rg4+ Kf8 42. Qe5 Qc6+ 43. Kh2 Rxb3 44. Rd4 Qb6 45. Qh8+ Ke7
46. Re4+ Kd7 47. Qe8+ 1-0

[Event "XVII C.to Mondiale seniores"]
[Site "Gmunden AUT"]
[Date "2007.09.26"]
[Round "9"]
[White "Westerinen, Heikki M.J."]
[Black "Rosino, Antonio"]
[Result "1-0"]
[WhiteElo "2385"]
[BlackElo "2275"]
[PlyCount "31"]
[EventDate "2007.09.17"]

1. e4 e5 2. Nf3 Nc6 3. Bb5 a6 4. Ba4 Nf6 5. O-O b5 6. Bb3 Be7 7. d4 exd4 8. e5
Ne4 9. Bd5 Nc5 10. Nxd4 Bb7 11. Nf5 Ne6 12. Bxe6 dxe6 13. Nxg7+ Kf8 14. Nxe6+
fxe6 15. Bh6+ Kg8 16. Qg4+ 1-0

[Event "XVII C.to Mondiale seniores"]
[Site "Gmunden AUT"]
[Date "2007.09.27"]
[Round "10"]
[White "Rosino, Antonio"]
[Black "Feller, Joseph"]
[Result "0-1"]
[WhiteElo "2275"]
[BlackElo "2169"]
[PlyCount "88"]
[EventDate "2007.09.17"]

1. e4 c5 2. Nf3 e6 3. c3 Nf6 4. e5 Nd5 5. d4 cxd4 6. cxd4 b6 7. Nc3 Nxc3 8.
bxc3 Qc7 9. Bd2 Be7 10. Rc1 Bb7 11. Bd3 d6 12. O-O Nd7 13. Re1 dxe5 14. Nxe5
Nxe5 15. Rxe5 Bd6 16. Rh5 g6 17. Rh3 O-O-O 18. c4 Kb8 19. c5 bxc5 20. Be3 Qc6
21. Qf1 Be7 22. Bb5 Qd5 23. dxc5 Bc6 24. Bf4+ Ka8 25. Bc7 Rc8 26. Rd3 Bxb5 27.
Rxd5 Bxf1 28. Rd7 Rxc7 29. Rxc7 Bd8 30. Rxf7 Bb5 31. Re1 Bc4 32. Re4 Bd5 33.
Ref4 Bg5 34. Ra4 Rc8 35. Raxa7+ Kb8 36. Ra5 Rc7 37. Rf8+ Kb7 38. f4 Be7 39. Rh8
Bxc5+ 40. Rxc5 Rxc5 41. Rxh7+ Kc6 42. g4 Rc2 43. Kf1 Rxa2 44. Rh6 Ra4 0-1

[Event "I Torneo Chiuso"]
[Site "Cattolica ITA"]
[Date "2007.09.20"]
[Round "2"]
[White "Ugolini, Lorenzo"]
[Black "Andruccioli, Daniele"]
[Result "0-1"]
[WhiteElo "1458"]
[BlackElo "1766"]
[PlyCount "86"]
[EventDate "2007.09.17"]

1. d4 Nf6 2. c4 g6 3. Nc3 Bg7 4. e4 d6 5. f3 O-O 6. Be3 Nbd7 7. Qd2 c6 8. Bh6
a5 9. Bd3 e5 10. d5 cxd5 11. cxd5 Nc5 12. Bb5 Nfxe4 13. fxe4 Qh4+ 14. Qf2 Qxf2+
15. Kxf2 Bxh6 16. Nf3 f5 17. Rae1 fxe4 18. Nxe4 Nxe4+ 19. Rxe4 Bf5 20. Rc4 Bd3
21. Rh4 Bxb5 22. Rxh6 e4 23. Re1 exf3 24. Re7 Rf7 25. Rxf7 Kxf7 26. Rxh7+ Kf6
27. Rxb7 Bc4 28. Rb6 Ke5 29. Kxf3 Bxd5+ 30. Kg4 Bxg2 31. Kg5 Be4 32. Rb5+ d5
33. h4 Kd4 34. Rb6 Rc8 35. Ra6 Rc5 36. a3 Kc4 37. Rxg6 Bxg6 38. Kxg6 d4 39. h5
d3 40. h6 d2 41. h7 Rc8 42. Kg7 d1=Q 43. h8=Q Rxh8 0-1

[Event "I Torneo Chiuso"]
[Site "Cattolica ITA"]
[Date "2007.09.29"]
[Round "5"]
[White "Me, Gianantonio"]
[Black "Magalotti, Andrea"]
[Result "0-1"]
[WhiteElo "1766"]
[BlackElo "2112"]
[PlyCount "60"]
[EventDate "2007.09.17"]

1. d4 Nf6 2. Nf3 g6 3. c4 c5 4. d5 b5 5. cxb5 a6 6. b6 d6 7. Nc3 Qxb6 8. e4 Bg7
9. Be2 Bg4 10. O-O O-O 11. Nd2 Bxe2 12. Qxe2 Nbd7 13. Nc4 Qc7 14. Rb1 Rfb8 15.
Bd2 Nb6 16. a3 Nxc4 17. Qxc4 Nd7 18. f4 Nb6 19. Qe2 Bd4+ 20. Kh1 c4 21. Be3
Bxe3 22. Qxe3 Nd7 23. Rf3 Rb3 24. Qd4 Qc5 25. Qd2 Rab8 26. Na4 Qxa3 27. Rxb3
Rxb3 28. Nc3 Qb4 29. Qc2 Nc5 30. h3 Nd3 0-1

[Event "I Festival Golfo di Policastro A"]
[Site "San Nicola Arcella ITA"]
[Date "2007.09.16"]
[Round "1"]
[White "Abatino, Maurizio"]
[Black "Rotstein, Arkadij"]
[Result "0-1"]
[WhiteElo "2179"]
[BlackElo "2515"]
[PlyCount "72"]
[EventDate "2007.09.16"]

1. d4 Nf6 2. c4 e6 3. Nc3 Bb4 4. e3 O-O 5. Bd3 d5 6. Nf3 b6 7. O-O Bb7 8. cxd5
exd5 9. Ne5 Re8 10. f4 c5 11. a3 cxd4 12. exd4 Bxc3 13. bxc3 Ba6 14. Bxa6 Nxa6
15. Qd3 Qc8 16. Bb2 Nc7 17. a4 a5 18. Rac1 Qa6 19. Qf3 b5 20. axb5 Nxb5 21. c4
dxc4 22. Rxc4 Rac8 23. Qb3 Nd6 24. Rxc8 Rxc8 25. Ba3 Nfe4 26. Re1 Qa8 27. Rc1
Rxc1+ 28. Bxc1 h6 29. Ba3 a4 30. Qb4 Nf5 31. Nf3 Ne3 32. Qe7 Qd5 33. h4 Kh7 34.
Qe8 Qf5 35. Bc1 Nxg2 36. Ne5 Nxf4 0-1

[Event "I Festival Golfo di Policastro A"]
[Site "San Nicola Arcella ITA"]
[Date "2007.09.16"]
[Round "1"]
[White "Bagaturov, Giorgi"]
[Black "Rotoni, Matteo"]
[Result "1-0"]
[WhiteElo "2474"]
[BlackElo "2074"]
[PlyCount "91"]
[EventDate "2007.09.16"]

1. d4 d5 2. Nf3 Nc6 3. Bf4 Bg4 4. e3 e6 5. h3 Bxf3 6. Qxf3 Nf6 7. Bb5 Bd6 8.
O-O O-O 9. Bg5 h6 10. Bxf6 Qxf6 11. Qxf6 gxf6 12. Nd2 f5 13. c4 dxc4 14. Bxc6
bxc6 15. Nxc4 c5 16. Rfd1 Rfd8 17. Kf1 cxd4 18. Rxd4 Bc5 19. Rxd8+ Rxd8 20. Ke2
Kg7 21. a3 Kf6 22. Rc1 Rg8 23. g3 h5 24. h4 Rg4 25. Ne5 Kxe5 26. Rxc5+ Kd6 27.
Ra5 Rc4 28. Kd2 e5 29. f4 f6 30. Rxa7 Rc5 31. Ra4 c6 32. Ra8 Rd5+ 33. Ke2 Rb5
34. b4 e4 35. Rd8+ Ke6 36. Re8+ Kd5 37. Rh8 Rb7 38. Rxh5 Ke6 39. g4 fxg4 40.
Rc5 Kd6 41. Kf2 Ra7 42. Ra5 Rxa5 43. bxa5 c5 44. a6 Kc7 45. a7 Kb7 46. h5 1-0

[Event "I Festival Golfo di Policastro A"]
[Site "San Nicola Arcella ITA"]
[Date "2007.09.16"]
[Round "1"]
[White "Bentivegna, Francesco"]
[Black "Marincolo, Piercarlo"]
[Result "1-0"]
[WhiteElo "2277"]
[BlackElo "1760"]
[PlyCount "133"]
[EventDate "2007.09.16"]

1. d4 d5 2. c4 c6 3. Nc3 Nf6 4. Bg5 e6 5. cxd5 exd5 6. e3 Bf5 7. Qf3 Bg6 8.
Bxf6 Qxf6 9. Qxf6 gxf6 10. h4 Nd7 11. h5 Bf5 12. f3 Rg8 13. g4 Be6 14. Bd3 h6
15. Nge2 Nb6 16. Kf2 Bd6 17. Rhg1 O-O-O 18. Ng3 Rde8 19. Nf5 Bxf5 20. Bxf5+ Kb8
21. Bd3 Bc7 22. b4 Bd6 23. Rab1 Re6 24. a4 a6 25. e4 dxe4 26. fxe4 Rd8 27. a5
Nc8 28. Bc4 Re7 29. Kf3 Rc7 30. Rgc1 Be7 31. Ne2 Nd6 32. Ba2 Nb5 33. Bxf7 Bxb4
34. Rxb4 Rxf7 35. Rb2 Rfd7 36. Rd2 Rd6 37. Ke3 Re8 38. Kf4 Rde6 39. Ng3 Nd6 40.
Re1 Kc7 41. Kf3 Rd8 42. Rd3 Nb5 43. Nf5 Rg8 44. d5 cxd5 45. Rc1+ Kb8 46. exd5
Re5 47. d6 Rd8 48. d7 Na7 49. Nxh6 Re7 50. Nf5 Rexd7 51. Rxd7 Rxd7 52. h6 Nc6
53. Ng7 Rd8 54. Re1 Ne5+ 55. Kg3 Rh8 56. Rh1 Nf7 57. Nf5 Kc7 58. Kf4 b6 59.
axb6+ Kxb6 60. Ke4 a5 61. Kd5 Ng5 62. Rb1+ Ka6 63. Kc6 a4 64. Nd6 a3 65. Rb6+
Ka5 66. Nb7+ Ka4 67. Nc5+ 1-0

[Event "I Festival Golfo di Policastro A"]
[Site "San Nicola Arcella ITA"]
[Date "2007.09.16"]
[Round "1"]
[White "Blasco, Domenico"]
[Black "Lazic, Miroljub"]
[Result "0-1"]
[WhiteElo "1981"]
[BlackElo "2470"]
[PlyCount "86"]
[EventDate "2007.09.16"]

1. d4 d5 2. Nf3 Nf6 3. e3 c5 4. c3 Nbd7 5. Nbd2 Qc7 6. Bd3 e6 7. O-O Be7 8. Re1
O-O 9. e4 cxd4 10. cxd4 dxe4 11. Nxe4 Nxe4 12. Rxe4 b6 13. Bg5 Bxg5 14. Nxg5 h6
15. Rh4 Qd8 16. Qf3 Qxg5 17. Rg4 Bb7 18. Qg3 Qf6 19. Qc7 Bd5 20. Qxd7 h5 21.
Rg3 Qxd4 22. Qe7 Qf4 23. Re1 Rfe8 24. Qa3 h4 25. Rge3 Red8 26. h3 a5 27. Be4
Rac8 28. Bxd5 Rxd5 29. Qe7 Qf6 30. Qxf6 gxf6 31. Rb3 b5 32. Re4 Rc1+ 33. Kh2
Rc2 34. Rf4 f5 35. Kg1 Kg7 36. Rxh4 Rd1+ 37. Kh2 Rxf2 38. Rh5 Rdd2 39. Rg5+ Kf6
40. Rg8 Rxb2 41. Rbg3 f4 42. R3g4 Rb1 43. h4 Rff1 0-1

[Event "I Festival Golfo di Policastro A"]
[Site "San Nicola Arcella ITA"]
[Date "2007.09.16"]
[Round "1"]
[White "Caporale, Giuseppe Guido"]
[Black "Bellia, Fabrizio"]
[Result "0-1"]
[WhiteElo "1850"]
[BlackElo "2405"]
[PlyCount "38"]
[EventDate "2007.09.16"]

1. e4 e5 2. Nf3 Nc6 3. Bc4 Nf6 4. Ng5 d5 5. exd5 Na5 6. Bb5+ c6 7. dxc6 bxc6 8.
Be2 h6 9. Nf3 e4 10. Ng1 Bc5 11. c3 Qb6 12. d4 exd3 13. Qxd3 Bxf2+ 14. Kf1 O-O
15. Qf3 Bxg1 16. Rxg1 Bg4 17. Qf2 Bxe2+ 18. Qxe2 Rfe8 19. Qf2 Qb5+ 0-1

[Event "I Festival Golfo di Policastro A"]
[Site "San Nicola Arcella ITA"]
[Date "2007.09.16"]
[Round "1"]
[White "Drasko, Milan"]
[Black "Cruz Alvarez De Ron, Dan"]
[Result "1-0"]
[WhiteElo "2552"]
[BlackElo "2204"]
[PlyCount "123"]
[EventDate "2007.09.16"]

1. d4 e6 2. c4 Nf6 3. Nc3 Bb4 4. Qc2 O-O 5. a3 Bxc3+ 6. Qxc3 b5 7. cxb5 c6 8.
Bg5 cxb5 9. e3 Bb7 10. f3 Qb6 11. Bxf6 gxf6 12. Bd3 Nc6 13. Ne2 Rfc8 14. Qb3 a6
15. Kf2 f5 16. h3 Qd8 17. Nf4 Qf6 18. Be2 Ne7 19. Rhc1 Nd5 20. Nxd5 Bxd5 21.
Qb4 Qh4+ 22. Kg1 Qg5 23. Qd2 Qd8 24. Bd3 Qg5 25. Kh2 Bc4 26. Bc2 a5 27. Bd1 Bd5
28. Qf2 b4 29. Rxc8+ Rxc8 30. axb4 axb4 31. Qg3 Qxg3+ 32. Kxg3 Kf8 33. Kf4 Ke7
34. e4 fxe4 35. fxe4 Bc6 36. Bf3 Bb5 37. Ra5 Bf1 38. Rc5 Ra8 39. Rc2 f6 40. e5
fxe5+ 41. dxe5 Rf8+ 42. Ke3 Rf5 43. Rc5 Rg5 44. h4 Rg8 45. g4 h6 46. Rc7 Ba6
47. Ra7 Bc4 48. Bc6 Rd8 49. Kd4 Be2 50. g5 hxg5 51. hxg5 Bh5 52. Rb7 Be8 53.
Be4 Rc8 54. Rxb4 Rc1 55. Rb8 Rg1 56. b4 Rg4 57. Ke3 Rxg5 58. Kf4 Rg1 59. b5 Rc1
60. b6 Rc4 61. Ke3 Rb4 62. b7 1-0

[Event "I Festival Golfo di Policastro A"]
[Site "San Nicola Arcella ITA"]
[Date "2007.09.16"]
[Round "1"]
[White "Efimov, Igor"]
[Black "Lombardi, Mariano"]
[Result "1-0"]
[WhiteElo "2426"]
[BlackElo "1877"]
[PlyCount "69"]
[EventDate "2007.09.16"]

1. d4 Nf6 2. Nf3 e6 3. c4 d5 4. Nc3 c6 5. Bg5 Nbd7 6. e3 Be7 7. Bd3 b6 8. O-O
Bb7 9. Qe2 dxc4 10. Bxc4 Nd5 11. Ne4 N7f6 12. Ned2 h6 13. Bh4 O-O 14. Ne5 c5
15. dxc5 bxc5 16. Rfd1 Qc7 17. Nd3 Rac8 18. Rac1 Rfd8 19. Bg3 Qb6 20. f3 Nb4
21. Rc3 Nxd3 22. Bxd3 Nd7 23. Rb3 Qc6 24. Ra3 c4 25. Be4 Qb5 26. Rxa7 Bxe4 27.
Nxe4 Bc5 28. Rc7 Rxc7 29. Bxc7 Rc8 30. Bg3 Nb6 31. b3 Bb4 32. Be1 Qa5 33. Nd6
Ra8 34. Bxb4 Qxb4 35. Nxc4 1-0

[Event "I Festival Golfo di Policastro A"]
[Site "San Nicola Arcella ITA"]
[Date "2007.09.16"]
[Round "1"]
[White "Epishin, Vladimir V."]
[Black "Damia, Angelo"]
[Result "1-0"]
[WhiteElo "2587"]
[BlackElo "2263"]
[PlyCount "51"]
[EventDate "2007.09.16"]

1. d4 d5 2. c4 c6 3. Nf3 Nf6 4. Qb3 e6 5. Bg5 Nbd7 6. Nc3 Be7 7. e3 O-O 8. Be2
b6 9. O-O Bb7 10. Rfd1 Ne4 11. Bxe7 Qxe7 12. Rac1 Rac8 13. Qa4 a5 14. cxd5 exd5
15. Nxe4 dxe4 16. Nd2 b5 17. Qxa5 Ra8 18. Qc7 Rfc8 19. Qf4 Nf6 20. a3 b4 21.
Qe5 Qf8 22. Nxe4 Nxe4 23. Qxe4 bxa3 24. bxa3 Qxa3 25. Rc5 Ba6 26. Bg4 1-0

[Event "I Festival Golfo di Policastro A"]
[Site "San Nicola Arcella ITA"]
[Date "2007.09.16"]
[Round "1"]
[White "Gad, Ahmad"]
[Black "Vuelban, Virgilio"]
[Result "0-1"]
[WhiteElo "1796"]
[BlackElo "2332"]
[PlyCount "70"]
[EventDate "2007.09.16"]

1. e4 c5 2. Nf3 Nc6 3. d4 cxd4 4. Nxd4 d6 5. Nc3 e6 6. g4 a6 7. Be3 Nf6 8. g5
Nd7 9. Qd2 Be7 10. h4 O-O 11. O-O-O Nxd4 12. Qxd4 b5 13. a3 Bb7 14. f4 Rc8 15.
h5 e5 16. fxe5 Nxe5 17. Be2 Re8 18. Rdg1 Qc7 19. g6 Bf6 20. gxf7+ Qxf7 21. Nd5
Bxd5 22. Qxd5 Qxd5 23. exd5 Nc4 24. Bxc4 Rxe3 25. Bf1 Re1+ 26. Kd2 Rce8 27. c3
Rb1 28. Bh3 Rxb2+ 29. Kc1 Ree2 30. Be6+ Kf8 31. h6 g6 32. Rf1 Ke7 33. Bg8 Bg5+
34. Kd1 Rbd2+ 35. Kc1 Rc2+ 0-1

[Event "I Festival Golfo di Policastro A"]
[Site "San Nicola Arcella ITA"]
[Date "2007.09.16"]
[Round "1"]
[White "Luch, Michal"]
[Black "Bruno, Franco"]
[Result "1-0"]
[WhiteElo "2362"]
[BlackElo "1849"]
[PlyCount "57"]
[EventDate "2007.09.16"]

1. d4 Nf6 2. c4 c6 3. Nf3 g6 4. Nc3 d5 5. e3 Bg7 6. Bd3 O-O 7. O-O Bg4 8. h3
dxc4 9. Bxc4 Bf5 10. b3 Nbd7 11. Bb2 Nb6 12. Be2 Nbd5 13. Na4 Ne4 14. Rc1 Qa5
15. a3 b5 16. Nc5 Ndc3 17. Qe1 Nxe2+ 18. Qxe2 Rac8 19. b4 Qb6 20. g4 Be6 21.
Nxe4 Bc4 22. Rxc4 bxc4 23. Qxc4 Rfd8 24. Rc1 c5 25. dxc5 Qc6 26. Bxg7 Kxg7 27.
b5 Qc7 28. c6 e6 29. Qc3+ 1-0

[Event "I Festival Golfo di Policastro A"]
[Site "San Nicola Arcella ITA"]
[Date "2007.09.16"]
[Round "1"]
[White "Naumkin, Igor"]
[Black "Villar Nieves, Antonio"]
[Result "1-0"]
[WhiteElo "2490"]
[BlackElo "2175"]
[PlyCount "43"]
[EventDate "2007.09.16"]

1. d4 Nf6 2. c4 e5 3. dxe5 Ng4 4. e4 Nxe5 5. f4 Ng6 6. Nf3 Bb4+ 7. Nc3 Qe7 8.
Bd3 Bxc3+ 9. bxc3 d6 10. O-O Nd7 11. Nd4 Nc5 12. Bc2 Bd7 13. Nf5 Qf8 14. Qd4 f6
15. e5 fxe5 16. fxe5 Nxe5 17. Ne3 Qg8 18. Nd5 Ne6 19. Qh4 g5 20. Qh5+ Kd8 21.
Qh6 c6 22. Qf6+ 1-0

[Event "I Festival Golfo di Policastro A"]
[Site "San Nicola Arcella ITA"]
[Date "2007.09.16"]
[Round "1"]
[White "Okhotnik, Vladimir"]
[Black "Colucci, Stefano"]
[Result "1-0"]
[WhiteElo "2468"]
[BlackElo "1944"]
[PlyCount "43"]
[EventDate "2007.09.16"]

1. Nf3 Nf6 2. d4 g6 3. Nc3 d5 4. Bf4 c6 5. e3 Bg7 6. Be2 a5 7. Ne5 Nbd7 8. h4
Nxe5 9. Bxe5 a4 10. h5 Qa5 11. h6 Bf8 12. a3 Rg8 13. Qd2 b6 14. O-O-O Ng4 15.
Bg3 Nf6 16. e4 Be6 17. Bf3 b5 18. Kb1 b4 19. axb4 Qxb4 20. exd5 Bxd5 21. Nxd5
Qxd2 22. Nxf6+ 1-0

[Event "I Festival Golfo di Policastro A"]
[Site "San Nicola Arcella ITA"]
[Date "2007.09.16"]
[Round "1"]
[White "Rahimov, Rahmatjon"]
[Black "Meijers, Viesturs"]
[Result "1/2-1/2"]
[WhiteElo "2120"]
[BlackElo "2483"]
[PlyCount "90"]
[EventDate "2007.09.16"]

1. e4 c5 2. Nf3 b6 3. d4 cxd4 4. Nxd4 Bb7 5. Nc3 a6 6. Bd3 d6 7. Bg5 g6 8. Nd5
Bg7 9. c3 Nd7 10. O-O Ngf6 11. Nxf6+ Nxf6 12. Qe2 Qc7 13. f4 O-O 14. f5 b5 15.
fxg6 hxg6 16. a3 Qc5 17. Be3 Qh5 18. Qxh5 Nxh5 19. a4 b4 20. cxb4 Nf6 21. Nb3
Bxe4 22. Bxe4 Nxe4 23. b5 axb5 24. axb5 Rab8 25. b6 Nf6 26. Ra6 Nd5 27. Bf2
Bxb2 28. Na5 Nb4 29. Ra7 Nd3 30. Nc6 Nxf2 31. Nxb8 Rxb8 32. Kxf2 Kf8 33. Re1 e6
34. Ra6 Bd4+ 35. Kf3 Rxb6 36. Rxb6 Bxb6 37. Rb1 Bd4 38. Rb7 f5 39. g4 Bf6 40.
Rb8+ Kf7 41. Rb7+ Kf8 42. Rb8+ Kg7 43. Rb7+ Kf8 44. Rb8+ Kf7 45. Rb7+ Kf8
1/2-1/2

[Event "I Festival Golfo di Policastro A"]
[Site "San Nicola Arcella ITA"]
[Date "2007.09.16"]
[Round "1"]
[White "Tondo, Salvatore"]
[Black "Pedersen, Nicolai Vesterbaek"]
[Result "0-1"]
[WhiteElo "1915"]
[BlackElo "2440"]
[PlyCount "48"]
[EventDate "2007.09.16"]

1. e4 c5 2. d4 cxd4 3. c3 Nf6 4. e5 Nd5 5. Qxd4 e6 6. Nf3 Nc6 7. Qe4 f5 8. Qe2
Qc7 9. g3 b5 10. Bg2 a5 11. O-O Ba6 12. Rd1 Bc5 13. Nbd2 a4 14. Nf1 b4 15. c4
Na5 16. Be3 Bxc4 17. Qd2 Bxf1 18. Bxc5 Bxg2 19. Bd6 Nc4 20. Qg5 Nxd6 21. Qxg7
Nf7 22. Ng5 Nxg5 23. Qxh8+ Kf7 24. Qxa8 Ne3 0-1

[Event "I Festival Golfo di Policastro A"]
[Site "San Nicola Arcella ITA"]
[Date "2007.09.16"]
[Round "1"]
[White "Valenti, Giuseppe"]
[Black "Buhmann, Rainer"]
[Result "0-1"]
[WhiteElo "2221"]
[BlackElo "2583"]
[PlyCount "74"]
[EventDate "2007.09.16"]

1. e4 e5 2. Nf3 Nc6 3. Bb5 Nf6 4. O-O Nxe4 5. d4 Nd6 6. Bxc6 dxc6 7. dxe5 Nf5
8. Qxd8+ Kxd8 9. b3 h6 10. Bb2 a5 11. a4 Bd7 12. Nc3 Kc8 13. Rfd1 Be7 14. Ne4
b6 15. h3 c5 16. Nc3 Bd8 17. Nd5 Ne7 18. c4 Bf5 19. Ne3 Be6 20. Kh2 Ng6 21. g3
h5 22. h4 Kb7 23. Rd3 Re8 24. Re1 Be7 25. Ng5 Bxg5 26. hxg5 Rad8 27. Red1 Rxd3
28. Rxd3 h4 29. f4 hxg3+ 30. Kxg3 Ne7 31. Nd1 Nf5+ 32. Kg2 Rh8 33. Nf2 Rh4 34.
Kf3 Kc8 35. Bc1 Nd4+ 36. Kg2 Ne2 37. Be3 Nxf4+ 0-1

[Event "I Festival Golfo di Policastro A"]
[Site "San Nicola Arcella ITA"]
[Date "2007.09.17"]
[Round "2"]
[White "Barlotti, Gabriele"]
[Black "Bagaturov, Giorgi"]
[Result "0-1"]
[WhiteElo "1660"]
[BlackElo "2474"]
[PlyCount "60"]
[EventDate "2007.09.16"]

1. d4 Nf6 2. c4 g6 3. Nc3 Bg7 4. e4 d6 5. Be2 O-O 6. Bg5 Na6 7. Nf3 Qe8 8. O-O
e5 9. d5 h6 10. Bxf6 Bxf6 11. Qd2 Bg7 12. Ne1 f5 13. Nd3 g5 14. f3 Qg6 15. exf5
Bxf5 16. g4 Bd7 17. Ne4 Bxg4 18. fxg4 Qxe4 19. Nf2 Qf4 20. Qxf4 exf4 21. Nd3
Rae8 22. Rae1 Re3 23. Rf3 Re4 24. Nf2 Bd4 25. Kg2 Bxf2 26. Kxf2 Rfe8 27. Rc3
Nc5 28. b3 a5 29. Rcc1 Rxe2+ 30. Rxe2 Nd3+ 0-1

[Event "I Festival Golfo di Policastro A"]
[Site "San Nicola Arcella ITA"]
[Date "2007.09.17"]
[Round "2"]
[White "Bellia, Fabrizio"]
[Black "Drasko, Milan"]
[Result "1/2-1/2"]
[WhiteElo "2405"]
[BlackElo "2552"]
[PlyCount "42"]
[EventDate "2007.09.16"]

1. e4 e6 2. d4 d5 3. Nd2 Nc6 4. Ngf3 Nf6 5. e5 Nd7 6. Nb3 a5 7. a4 b6 8. Bb5
Ncb8 9. Ng5 Ba6 10. O-O g6 11. Be3 c6 12. Bxa6 Nxa6 13. Qf3 Qe7 14. c4 Bg7 15.
cxd5 cxd5 16. Qh3 h6 17. Nf3 Qb4 18. Ra3 Rc8 19. Bd2 Qe7 20. Rc1 Qd8 21. Raa1
Ndb8 1/2-1/2

[Event "I Festival Golfo di Policastro A"]
[Site "San Nicola Arcella ITA"]
[Date "2007.09.17"]
[Round "2"]
[White "Bruno, Franco"]
[Black "Blasco, Domenico"]
[Result "0-1"]
[WhiteElo "1849"]
[BlackElo "1981"]
[PlyCount "130"]
[EventDate "2007.09.16"]

1. e4 g6 2. d4 Bg7 3. Nf3 a6 4. Nc3 d6 5. h3 Nd7 6. Be2 e6 7. Bg5 Ne7 8. Qd2 h6
9. Be3 b6 10. O-O Bb7 11. Nh2 d5 12. exd5 Nxd5 13. Nxd5 Bxd5 14. c4 Bb7 15.
Rfe1 Kf8 16. Rad1 c6 17. Bf3 Nf6 18. Ng4 Nxg4 19. Bxg4 Kg8 20. Bf4 Kh7 21. Be5
Bxe5 22. dxe5 Qe7 23. Qd6 Rhe8 24. Bf3 Rac8 25. Rd2 Kg7 26. Qxe7 Rxe7 27. Red1
c5 28. Bxb7 Rxb7 29. Rd7 Rxd7 30. Rxd7 b5 31. b3 bxc4 32. bxc4 Rb8 33. Rc7 Rb1+
34. Kh2 Rb2 35. Rxc5 Rxa2 36. f4 g5 37. Kg3 gxf4+ 38. Kxf4 Rxg2 39. Ra5 Rc2 40.
c5 Rc4+ 41. Ke3 Kf8 42. Kd3 Rh4 43. c6 Ke7 44. Rxa6 Rxh3+ 45. Kd4 Kd8 46. Ra7
Rf3 47. Kc5 h5 48. Rd7+ Ke8 49. Rd4 Rc3+ 50. Kd6 Kd8 51. Rf4 Rd3+ 52. Kc5 Rc3+
53. Kb5 Ke7 54. Kb6 Rb3+ 55. Kc7 Rb5 56. Re4 h4 57. Rxh4 Rxe5 58. Rb4 Rc5 59.
Kb7 e5 60. c7 f5 61. c8=Q Rxc8 62. Kxc8 Kd6 63. Rb1 e4 64. Rd1+ Ke5 65. Kd7 e3
0-1

[Event "I Festival Golfo di Policastro A"]
[Site "San Nicola Arcella ITA"]
[Date "2007.09.17"]
[Round "2"]
[White "Buhmann, Rainer"]
[Black "Lazic, Miroljub"]
[Result "1-0"]
[WhiteElo "2583"]
[BlackElo "2470"]
[PlyCount "69"]
[EventDate "2007.09.16"]

1. Nf3 d5 2. d4 Nf6 3. c4 c6 4. cxd5 cxd5 5. Nc3 Nc6 6. Bf4 Bf5 7. e3 a6 8. Be2
e6 9. O-O Bd6 10. Bxd6 Qxd6 11. Qb3 b5 12. Rfc1 O-O 13. Qd1 Rfc8 14. a4 b4 15.
Nb1 e5 16. dxe5 Nxe5 17. Nbd2 a5 18. Nb3 Rxc1 19. Rxc1 Nxf3+ 20. Bxf3 Bd7 21.
Nd4 Rc8 22. Rxc8+ Bxc8 23. Qc2 Bd7 24. h3 g6 25. Be2 Ne4 26. Bb5 Be6 27. Qc6
Kg7 28. f3 Qxc6 29. Nxc6 Nd6 30. Nxa5 Nc4 31. Nc6 b3 32. Nd4 Nxb2 33. Nxb3 Nd1
34. a5 Nxe3 35. a6 1-0

[Event "I Festival Golfo di Policastro A"]
[Site "San Nicola Arcella ITA"]
[Date "2007.09.17"]
[Round "2"]
[White "Colucci, Stefano"]
[Black "Valenti, Giuseppe"]
[Result "0-1"]
[WhiteElo "1944"]
[BlackElo "2221"]
[PlyCount "92"]
[EventDate "2007.09.16"]

1. d4 Nf6 2. c4 c5 3. d5 e6 4. Nc3 exd5 5. cxd5 d6 6. e4 g6 7. h3 Bg7 8. Nf3
O-O 9. Bd3 Re8 10. Nd2 a6 11. a4 Nbd7 12. Nc4 Nb6 13. Ne3 c4 14. Bc2 Qc7 15.
O-O Bd7 16. a5 Nc8 17. Re1 b5 18. axb6 Nxb6 19. Bd2 a5 20. Ra3 Qc5 21. Qa1 Ra6
22. Nf1 Rb8 23. Be3 Qc7 24. Nd2 Nc8 25. Qa2 Rb4 26. Ra1 Ne8 27. Nd1 a4 28. Nc3
Na7 29. Bxa4 Bxc3 30. Bxd7 Rxb2 31. Rxa6 Rxa2 32. R1xa2 Qxd7 33. Rxa7 Qb5 34.
Ra8 Kg7 35. f3 Nf6 36. Rc2 Bb4 37. Nxc4 Bc5 38. Raa2 h5 39. Rab2 Bxe3+ 40. Nxe3
Qd3 41. Kf2 h4 42. Rb6 Nh5 43. Rxd6 Nf4 44. Rdc6 Qd4 45. R6c4 Qa1 46. Rc1 Nd3+
0-1

[Event "I Festival Golfo di Policastro A"]
[Site "San Nicola Arcella ITA"]
[Date "2007.09.17"]
[Round "2"]
[White "Cruz Alvarez De Ron, Dan"]
[Black "Tondo, Salvatore"]
[Result "1-0"]
[WhiteElo "2204"]
[BlackElo "1915"]
[PlyCount "67"]
[EventDate "2007.09.16"]

1. g3 c5 2. Bg2 Nc6 3. d3 g6 4. Nd2 Bg7 5. e4 e5 6. Ne2 d6 7. f4 Nge7 8. O-O f5
9. Nf3 O-O 10. c3 Qb6 11. Kh1 h6 12. Qc2 Be6 13. Be3 a5 14. b3 Kh7 15. Nh4 Rad8
16. Bg1 Qa7 17. Rae1 Qb8 18. fxe5 dxe5 19. Bxc5 Qc8 20. exf5 gxf5 21. d4 e4 22.
Nf4 Rf7 23. Nxe6 Qxe6 24. Nxf5 Nxf5 25. Bxe4 Kh8 26. Bxf5 Qd5+ 27. Be4 Rxf1+
28. Rxf1 Qd7 29. Qf2 Kg8 30. Qf5 Qxf5 31. Bxf5 Re8 32. d5 Nd8 33. c4 Re2 34.
Bb6 1-0

[Event "I Festival Golfo di Policastro A"]
[Site "San Nicola Arcella ITA"]
[Date "2007.09.17"]
[Round "2"]
[White "Damia, Angelo"]
[Black "Rahimov, Rahmatjon"]
[Result "1-0"]
[WhiteElo "2263"]
[BlackElo "2120"]
[PlyCount "103"]
[EventDate "2007.09.16"]

1. e4 e5 2. Nf3 Nc6 3. Nc3 Nf6 4. a3 d6 5. d4 Be7 6. Be2 O-O 7. O-O Bg4 8. d5
Nb8 9. Nd2 Bxe2 10. Qxe2 Nbd7 11. Nc4 Ne8 12. Na5 Rb8 13. Be3 Nb6 14. Na2 Bg5
15. c4 Bxe3 16. Qxe3 Qh4 17. g3 Qh3 18. f4 Nf6 19. f5 Qg4 20. Rae1 Nh5 21. Nc3
a6 22. Nd1 f6 23. Nf2 Qg5 24. Nd3 Nd7 25. b4 b6 26. Nc6 Rbe8 27. Kg2 Qxe3 28.
Rxe3 g6 29. g4 Ng7 30. c5 Nb8 31. cxd6 cxd6 32. Rc1 Rf7 33. Nb2 b5 34. Rec3 Nd7
35. Na5 Nb8 36. Rc7 Ref8 37. R7c3 Rd8 38. a4 Rfd7 39. axb5 axb5 40. Nd3 Ne8 41.
Nc6 Nxc6 42. Rxc6 Rb7 43. Ra1 Kf7 44. Kf3 Ke7 45. h4 Kd7 46. Raa6 Rc8 47. fxg6
hxg6 48. h5 gxh5 49. gxh5 Kd8 50. Rxc8+ Kxc8 51. Ra8+ Kd7 52. h6 1-0